238 sự cố khi sử dụng máy in
Đã lưu trong:
| Tác giả chính: | |
|---|---|
| Định dạng: | Sách |
| Ngôn ngữ: | Undetermined |
| Được phát hành: |
H.
Thống Kê
2003
|
| Những chủ đề: | |
| Các nhãn: |
Thêm thẻ
Không có thẻ, Là người đầu tiên thẻ bản ghi này!
|
| Thư viện lưu trữ: | Trung tâm Học liệu Trường Đại học Cần Thơ |
|---|
| LEADER | 00497nam a2200181Ia 4500 | ||
|---|---|---|---|
| 001 | CTU_53628 | ||
| 008 | 210402s9999 xx 000 0 und d | ||
| 020 | |b 17000 | ||
| 082 | |a 004.77 | ||
| 082 | |b A107 | ||
| 100 | |a Anh Dương | ||
| 245 | 0 | |a 238 sự cố khi sử dụng máy in | |
| 245 | 0 | |c Anh Dương | |
| 260 | |a H. | ||
| 260 | |b Thống Kê | ||
| 260 | |c 2003 | ||
| 650 | |a printers ( data processsing sysstems ) | ||
| 980 | |a Trung tâm Học liệu Trường Đại học Cần Thơ | ||